000
00290nam a2200109Ia 4500
001
1272260
005
20260417151425.0
008
260417s9999 xx 000 0 und d
020
_a
9786256495159
245
0
_a
Onbaşı Nezahat ve Kızlı Alay
_c
Büşra Şen Altun
260
_b
Ketebe Çocuk
999
_c
1272260
_d
1272260